00392 a2200157 4500020001500000050001700015100002300032245003700055250001200092264002800104300001200132500001900144650001800163700002500181700002800206 a0582894085 aKF911MAC2005 aAtiyah P.Seauthor aThe sale of goods /cP.S .Atiyah a11th ed aOxford:bPearson,c2005 a574p. : aincludes index asale of goods aAdams John Neauthor aMacqueen Hectoreauthor